Normal view
MARC view
Entry Personal Name
001 - CONTROL NUMBER
- control field: 12963
003 - CONTROL NUMBER IDENTIFIER
- control field: OSt
005 - DATE AND TIME OF LATEST TRANSACTION
- control field: 20190930121935.0
008 - FIXED-LENGTH DATA ELEMENTS
- fixed length control field: 190930|| aca||aabn | a|a d
040 ## - CATALOGING SOURCE
- Original cataloging agency: OSt
- Transcribing agency: OSt
100 ## - HEADING--PERSONAL NAME
- Personal name: Lial, Margaret, L.; Miller, Charles D.
670 ## - SOURCE DATA FOUND
- Source citation: Work cat.: (OSt): Lial, Margaret, L.; Miller, Charles D., Calculus with Applications, 1989
